Регионална библиотека "Любен Каравелов" - Русе

Медиите и съдът (Запис номер 82495)

MARC детайли
000 -Лидер
Контролно поле с фиксирана дължина 01916nam a2200409 c 4500
003 - Код на организацията, давaща контролен номер
Контролно поле BLK
005 - Дата и час на последна редакция
Контролно поле 20180420224659.0
008 - Елементи от данни с фиксирана дължина
fixed length control field 180408b bul|||||r ||||||| ||bul||
010 ## - Наследен системен номер
LC control number KNG00087026000
040 ## - Източник на каталожния запис
Идентификатор на билиотеката - собственик на записа BLK
041 ## - Код за език
Код за езика на текст/звукозапис или на отделно заглавие Български
Код за езика КДБФ Български
080 ## - УДК
Текстов определител УДК Съдопроизводство (Съдебна процедура). Съдоустройство (Организация на съдилищата и прокуратурата). Вж и 343. 1;344;348
УДК код - определител по УДК 347.9
УДК определител (497.2)(082)
УДК - код + определител 347.9(497.2)(082)
080 ## - УДК
Текстов определител УДК Теория и значение на печата. Отношение към други професии
УДК код - определител по УДК 070.1
УДК определител :347.9(497.2)(082)
УДК - код + определител 070.1:347.9(497.2)(082)
100 1# - Редна дума - Автор
Автор Торошанова, Анелия
Авторска отговорност първи автор
R(LIN) 130687
139 ## - Редно поле
Редна дума Медиите и съдът
Авторски знак Мед - М 45
245 10 - Сведения за заглавието
Заглавие Медиите и съдът
Подзаглавни данни Сб. публикации
Редно поле (дума) Анелия Торошанова.
257 ## - Страна на издаване
Страна на създаване/издаване България
260 ## - Област на издателските данни
-- София
Име на издателя, разпространителя и проч. Амер. агенция за междунар. развитие
Година на издаване 2007
300 ## - Физическа характеристика
Страници 134 с.
Илюстрации и др. с ил.
Размери/Мащаб 23 см
380 ## - Жанр
Жанр Обществени науки
500 ## - Общи забележки
Забележка Изд. Инициатива за укрепване на съдебната система на Амер. агенция за междунар. развитие. . 659.3
650 #4 - Допълнително описание по предмет – тема
Основно описание – тема или топоним Съдопроизводство
9 (RLIN) 172947
650 #4 - Допълнително описание по предмет – тема
Основно описание – тема или топоним Журналистика
9 (RLIN) 155638
650 #4 - Допълнително описание по предмет – тема
Основно описание – тема или топоним Периодичен печат - България
9 (RLIN) 257320
651 #4 - Допълнително описание по предмет - топоним
Географско понятие България
9 (RLIN) 241624
653 ## - Ключова дума – ненормативна
Ключова дума съдопроизводство
653 ## - Ключова дума – ненормативна
Ключова дума съдебна система
653 ## - Ключова дума – ненормативна
Ключова дума съдебна реформа
653 ## - Ключова дума – ненормативна
Ключова дума съдебни процеси
653 ## - Ключова дума – ненормативна
Ключова дума периодичен печат
653 ## - Ключова дума – ненормативна
Ключова дума журналистика
852 ## - Местоположение
Форматна сигнатура Цб 242222
856 4# - Електронен адрес и достъп
Електронен формат pdf - файл
Път до файла /url/
856 4# - Електронен адрес и достъп
Електронен формат pdf - файл
Път до файла /url/
942 ## - АРТИКУЛИ
Вид на библиотечния материал Книги
Скрит в OPAC Не
944 ## - СЪЗДАВАНЕ И РЕДАКЦИЯ на ЗАПИСА
Създаване/Редакция Създаване
Дата на регистрацията/редакция 29.12.2008
Статус, дата на статуса ф /
Служител, извършил регистрацията/редакцията Людмила_Стоянова
944 ## - СЪЗДАВАНЕ И РЕДАКЦИЯ на ЗАПИСА
Създаване/Редакция Редакция
Дата на регистрацията/редакция 29.10.2014
Статус, дата на статуса ф /
Служител, извършил регистрацията/редакцията
999 ## - СИСТЕМНИ КОНТРОЛНИ НОМЕРА
Koha biblionumber 82495
Koha biblioitemnumber 82495
Наличности
Код за отписване Код за изгубен артикул Код за повреда Коз за рестрикции Код за отдаване Артикулен № Име на библиотеката - собственик Име на библиотеката, в която се намира в момента Статус (Текущо местоположение) Дата на вписване в системата Местоположение - отдел Цена в лева Инвентарен номер Систематично азбучна сигнатура Баркод Номер на екземпляра Цена в евро Служебна бележка Служебен тип на артикула
  Не е изгубен Не е повреден без рестрикции заемане за дома 134241 Регионална библиотека "Любен Каравелов" Русе Регионална библиотека "Любен Каравелов" Русе Заемна - подръчен фонд 2008-12-22 Заемна - подръчен фонд 10.00 120000732404 П 347/М 45 120000732404 1 5.11 Дост: DA Вид: А N: 16 Дата: 22.12.2008 Дата инв: 05.02.2018 Бележки инв: П2018 Книги
  Не е изгубен Не е повреден без рестрикции ползва се в читалня 134242 Регионална библиотека "Любен Каравелов" Русе Регионална библиотека "Любен Каравелов" Русе Хранилище 2014-06-23 Основен фонд - ползва се само за читалня 10.00 120000778562 Цб 242222 120000778562 2 5.11 Дост: DA Вид: А N: 10 Дата: 23.06.2014 Книги
Vip Innovations Ltd, Rousse, Bulgaria 2025